Naufragio del crucero acorazado USS Memphis : (Registro nro. 14087)

Detalles MARC
000 -LIDER
fixed length control field 02396nam a22003137a 4500
003 - IDENTIFICACDOR DE NÚMERO DE CONTROL
control field OSt
005 - DATE AND TIME OF LATEST TRANSACTION
control field 20240209120955.0
008 - ELEMENTOS DE LONGITUD FIJA
fixed length control field 210217b 2020 dr abc 00| 0 eng d
020 ## - ISBN
International Standard Book Number 9789945613438
040 ## - FUENTE DE CATALOGACIÓN
Agencia que crea de manera original el registro DO-SdBNP
Idioma de catalogación spa
Agencia que realiza la transcripción BPMSU
082 #4 - NÚMERO DE CLASIFICACIÓN DECIMAL DE DEWEY
Classification number 972.93052
Item number B333n 2020
Edition number 22
100 1# - ASIENTO PRINCIPAL -- NOMBRE PERSONAL
Nombre personal Batlle Pérez, Fernando Arturo,
Fechas asociadas con el nombre 1938-
245 10 - MENCIÓN DE TITULO
Título Naufragio del crucero acorazado USS Memphis :
Subtítulo la ola que llevaba el alma de la Patria /
Mención de responsabilidad Fernando Arturo Batlle Pérez ; prólogo : José Chez Checo.
260 ## - PUBLICACIÓN, DISTRIBUCIÓN, ETC. (PIE DE IMPRENTA)
Lugar de publicación, distribución, etc Santo Domingo :
Nombre del editor, distribuidor, etc. Archivo General de la Nación,
Fecha de publicación, distribución, etc 2020.
300 ## - DESCRIPCIÓN FÍSICA
Extensión 406 p. :
Otros detalles físicos il., mapas retrs. ;
Dimensiones 23 cm.
490 0# - MENCIÓN DE SERIES
Mención de serie Archivo General de la Nación,
Volume/sequential designation 377
500 ## - NOTA GENERAL
Nota general Incluye datos biográficos del autor en la solapa de la cubierta
500 ## - NOTA GENERAL
Nota general Incluye referencias bibliográficas y notas al pie de las páginas
500 ## - NOTA GENERAL
Nota general Incluye índice onomástico
505 0# - NOTA DE CONTENIDO
Texto normalizado de contenido Prólogo
Mención de responsabilidad José Chez Checo
Título Introducción --
Información miscelánea Capítulo I
Título Escenario político-militar del naufragio del USS Memphis --
Información miscelánea Capítulo II
Título El escenario físico del naufragio del USS Memphis --
Información miscelánea Capítulo III
Título El crucero acorazado USS Tennessee-Memphis --
-- El crucero acorazado y su importancia en el desarrollo y evolución de la Armada de los Estados Unidos de Norteamérica --
-- Características estructurales y funcionales del crucero acorazado USS Tennessee-Memphis --
-- Breve historia de sus operaciones en el mar --
-- El cañonero USS Castine --
Información miscelánea Capítulo IV
Título El naufragio del USS Memphis y su tragedia humana --
Información miscelánea Capítulo V
Título Causa primaria y factores causales del naufragio del USS Memphis --
Información miscelánea Capítulo VI
Título Destino del derrelicto del USS Memphis --
Información miscelánea Capítulo VII
Título Una condena cuyos motivos flotaron en un mar de incertidumbres --
Información miscelánea Capítulo VIII
Título De cuatro héroes ---
Información miscelánea Capítulo IX
Título De un excelso relator y de una asociación de supervivientes --
-- Poética, prosa, reportes periodísticos y otros documentos sobre el naufragio del USS Memphis --
-- Epílogo --
590 ## - NOTA LOCAL
Texto de la nota local Inventariado, 2024 /VM<br/><br/>
650 #4 - ENCABEZAMIENTO DE MATERIA--TEMÁTICO
Término temático o nombre geográfico como elemento de entrada Naufragios
Subdivisión geográfica República Dominicana
Subdivisión temática general
651 #4 - ENCABEZAMIENTO DE MATERIA--NOMBRE GEOGRÁFICO
Nombre geográfico República Dominicana
Subdivisión temática general Historia
Subdivisión cronológica Ocupación Norteamericana,1916-1924
651 #4 - ENCABEZAMIENTO DE MATERIA--NOMBRE GEOGRÁFICO
Nombre geográfico Estados Unidos
Subdivisión temática general Armada
-- Historia
Subdivisión cronológica Siglo XX
700 1# - ASIENTO SECUNDARIO -- NOMBRE PERSONAL
Nombre personal Chez Checo, José,
Fechas asociadas con el nombre 1949-
Mención de responsabilidad prólogo
710 2# - ASIENTO SECUNDARIO -- NOMBRE CORPORATIVO
Nombre corporativo o de jurisdicción Archivo General de la Nación (República Dominicana)
910 ## - VALIDACIÓN
Validación VMateo V. Control de calidad. BPMSU
942 ## - ADDED ENTRY ELEMENTS (KOHA)
Source of classification or shelving scheme Dewey Decimal Classification
Koha item type Libros
Existencias
Withdrawn status Lost status Source of classification or shelving scheme Damaged status Not for loan Collection code Home library Current library Date acquired Total Checkouts Full call number Barcode Date last seen Price effective from Koha item type Copy number
    Dewey Decimal Classification     Colección Dominicana Biblioteca Pública Metropolitana Salomé Ureña Biblioteca Pública Metropolitana Salomé Ureña 03/16/2022   BPMSU CD 972.93052 B333n 2020 BPMSU24020022 03/16/2022 03/16/2022 Libros  
    Dewey Decimal Classification     Colección Dominicana Biblioteca Pública Metropolitana Salomé Ureña Biblioteca Pública Metropolitana Salomé Ureña 03/16/2022   BPMSU CD 972.93052 B333n 2020 BPMSU25090024 09/05/2025 03/16/2022 Libros e.2